000 00217 a2200097 4500
001 37420
100 _aLall, Ramji
245 _aDuchess of Malfi
260 _aNew Dehli
_bSurjeet Publishers
_c
090 _c23888
_d23888
942 _aNUST-CAE
_cM
_c15433
999 _c272493
_d272493